Statistics for Greek Mythology

Click here to take the quiz!

General Stats

  • This quiz has been taken 861 times
  • The average score is 11 of 15

Answer Stats

Hint Answer % Correct
King of the gods; one of the big 3Zeus
99%
King of the UnderworldHades
98%
King of the Ocean; EarthshakerPoseidon
95%
Goddess of wisdom; battle strategyAthena
93%
Goddess of BeautyAphrodite
92%
God of warAres
84%
Created wineDionysus
83%
Kidnapped wife of HadesPersephone
76%
God of travel; thieveryHermes
75%
Goddess of marriageHera
71%
God of Fire; ForgeHephaestus
64%
Goddess of seasonsDemeter
60%
Strongest Hero EverHeracles
56%
Took him 20 years to return to IthacaOdysseus
50%
Told the story of aboves return to IthacaHomer
38%

Score Distribution

Percentile by Number Answered

Percent of People with Each Score

Your Score History

You have not taken this quiz